| 000 | 00833nam a22002655a 4500 | ||
|---|---|---|---|
| 001 | 015951855 | ||
| 003 | Uk | ||
| 005 | 20150823131906.0 | ||
| 008 | 111017s2012 njua fr 001 0 eng|d | ||
| 020 | _a9781118092262 | ||
| 040 |
_aEG-ScBuE _beng _cEG-ScBuE |
||
| 082 | 0 | 4 |
_a621.815 _bJUV _222 |
| 100 | 1 |
_aJuvinall, Robert C. _929981 |
|
| 245 | 1 | 0 |
_aMachine Component Design : _bInternational Student Version / _cRobert C. Juvinall , Kurt M. Marshek. |
| 250 | _a5th ed., International student ed. | ||
| 260 |
_aHoboken : _bJohn Wiley & Sons Singapore ; _cc.2012. |
||
| 300 |
_axix, 899 p. ; _bill. , _c28 cm. |
||
| 500 | _aIndex : p. 890-899. | ||
| 590 | _ayassmeen ashraf | ||
| 650 | 0 |
_aMachine design. _929982 _2BUEsh |
|
| 651 | _2BUEsh | ||
| 653 |
_bENGGEN _cAugust2015 |
||
| 700 | 1 |
_aMarshek, Kurt M. _929983 |
|
| 942 |
_2ddc _cBB |
||
| 999 |
_c17058 _d17030 |
||